| 000 | 00000nam##2200000za#4500 |
| 001 | 9.536885 |
| 003 | CaOODSP |
| 005 | 20210615084521 |
| 007 | ta |
| 008 | 150406|2002||||xxc||||| f|0| 0 fre|d |
| 020 | |a0-660-62139-8 |
| 040 | |aCaOODSP|bfre |
| 041 | |aeng |
| 041 | |afre |
| 043 | |an-cn--- |
| 086 | 1 |aBT31-4/61-2002 |
| 110 | 1 |aCanada. |bConseil du trésor. |
| 245 | 10|aBureau de l'Enquêteur correctionnel |
| 260 | |aOttawa - Ontario : |bSecrétariat du Conseil du Trésor du Canada |c2002. |
| 300 | |a28p. : |bfigures, graphiques, tableaux ; |c28 cm. |
| 490 | 1 |aRapport sur le rendement pour la période se terminant le 31 mars 2002 |
| 563 | |aCouverture souple |
| 590 | |a02-46|b2002-11-15 |
| 691 | 07|aEnquête|2gcpds |
| 691 | 07|aInstitution fédérale|2gcpds |
| 691 | 07|aPrévisions budgétaires|2gcpds |
| 691 | 07|aSystème judiciaire|2gcpds |
| 776 | 0#|tOffice of the Correctional Investigator, performance report for the period ending March 31, 2002 |w(CaOODSP)9.573006 |
| 776 | 0#|tBureau de l'Enquêteur correctionnel, rapport sur le rendement pour la période se terminant le 31 mars 2002 |w(CaOODSP)9.603249 |
| 791 | |tOffice of the Correctional Investigator |eeng|w(CaOODSP)9.536884 |
| 830 | #0|aRapport sur le rendement pour la période se terminant le 31 mars 2002.|w(CaOODSP)9.510739 |